LDR 01355naa#a2200181#i#450# 001 RU\\bibl\20152 005 20260629065008.1 100 ## _a20260625b2026####ek#y0rusy0150####ca 102 ## _aRU 200 1# _aОпыт взаимодействия с представителями транспортной отрасли в образовательной деятельности студентов кафедры «Техносферная и экологическая безопасность» Петербургского государственного университета путей сообщения Императора Александра I _eСтатья/тезисы конференции 210 1# _aСанкт-Петербург _cФГБОУ ВО "Петербургский государственный университет путей сообщения Императора Александра I" _d2026 215 ## _a7 с. 608 ## _aСтатья/тезисы конференции _2local 675 ## _aВысшее образование. Высшая школа. Подготовка научных кадров. 378 _z 700 #1 _aТерехова _gИльмира Рифовна 700 #1 _aУшацкий _gВладимир Николаевич 700 #1 _aШутько _gЕкатерина Витальевна 856 4# _aatjournal.ru _u